Rule of Law and Post-Conflict Justice
Právny štát je pojem uplatniteľný na národnej aj medzinárodnej úrovni a je široko uznávaný. Postkonfliktná spravodlivosť je viazaná na silné postavenie právneho štátu v štáte. Presnejšie povedané, ak v štáte chýbajú základné princípy právneho štátu, budovanie mieru v postkonfliktnej situácii sa môže...
Salvato in:
| Autore principale: | |
|---|---|
| Natura: | Capitolo di libro |
| Lingua: | inglese |
| Soggetti: | |
| Tags: |
Nessun Tag, puoi essere il primo ad aggiungerne!!
|
MARC
| LEADER | 00000naa$a2200000$$$4500 | ||
|---|---|---|---|
| 001 | 0306222 | ||
| 005 | 20250117094453.6 | ||
| 041 | 0 | |a eng | |
| 044 | |a SK | ||
| 245 | 1 | 0 | |a Rule of Law and Post-Conflict Justice |c Klaudia Hraníková Pyteľová |
| 520 | |a Právny štát je pojem uplatniteľný na národnej aj medzinárodnej úrovni a je široko uznávaný. Postkonfliktná spravodlivosť je viazaná na silné postavenie právneho štátu v štáte. Presnejšie povedané, ak v štáte chýbajú základné princípy právneho štátu, budovanie mieru v postkonfliktnej situácii sa môže stať nemožným. Hlavným cieľom príspevku je definovať právny štát a zároveň určiť súvisiace pojmy, ktoré by teoreticky mali byť nevyhnutné pre budovanie postkonfliktnej spravodlivosti a mieru. A čiastkovým cieľom je identifikovať aspoň niekoľko princípov právneho štátu v situácii po podpísaní mierovej dohody v roku 2005 v Sudáne a Južnom Sudáne. | ||
| 610 | 2 | 0 | |a štát právny |
| 610 | 2 | 0 | |a právo |
| 610 | 2 | 0 | |a korupcia |
| 610 | 2 | 0 | |a Sudán |
| 100 | 1 | |a Hraníková Pyteľová, Klaudia, 1985- | |